000 00601nam a2200205Ia 4500
001 15516
003 GE_BSU
008 181216s||||||||xx |||||||||||||| ||und||
040 _cGE_BSU
080 _a821.353.1-32
100 _aჩხეიძე,ბორის
245 _aმოთხრობები
245 _cრედ.გ.ხუხაშვილი. მხატვ.შ.ნიორაძე
260 _aთბილისი
260 _bსახელგამი
260 _c1954
300 _a216გვ.21სმ.
653 _aმოთხრობები
942 _cBK
999 _c48616
_d48616